000 00374cam a2200145ua 4500
041 _aeng
_h
082 _a828.09
_bWRI/RO
100 _aWright, David .
245 _aRoy Campbell /
_cDavid wright.
_hTextual Documents
260 _aNew Delhi :
_bBritish Council and National Book leauge ,
_c1961.
300 _a43 ; .
504 _a
942 _cBK
999 _c11361
_d11361